| 000 | 00609nam a2200217 i 4500 | ||
|---|---|---|---|
| 001 | 15121 | ||
| 003 | ES-MaACL | ||
| 005 | 20230906151007.0 | ||
| 007 | t| | ||
| 008 | 991222s1999 sp ||||1| spa d | ||
| 020 | _a84-605-9154-9 | ||
| 080 | _a821.134.2-22"19" | ||
| 100 | 1 |
_aDorado, Yolanda. _945373 |
|
| 245 | 1 | 3 |
_aEl secreto de las mujeres / _cde Yolanda Dorado. |
| 260 |
_aMadrid : _bLa Avispa, _c[1999] |
||
| 300 |
_a64 p. ; _c22 cm. |
||
| 490 | 1 |
_aEl ojo de la avispa ; _v10 |
|
| 830 | 0 |
_aEl ojo de la avispa ; _v10 _9179722 |
|
| 852 |
_aES-MaACL _jL-22324 _bR.127658 |
||
| 999 |
_c15121 _d15121 |
||